[Event "45th Olympiad 2024"]
[Site "Budapest HUN"]
[Date "2024.09.22"]
[Round "11.60"]
[Board "4"]
[White "Makem Pierre"]
[Black "Miswadah, Baha"]
[Result "0-1"]
[WhiteElo "1860"]
[BlackElo "1957"]
[PlyCount "114"]
[EventDate "2024.09.11"]
[WhiteTeam "Cameroon"]
[BlackTeam "Palestine"]
[WhiteTeamCountry "CAM"]
[BlackTeamCountry "PLE"]

1. d4 d5 2. Bf4 Nf6 3. Nc3 c6 4. e3 Bf5 5. Nf3 e6 6. Bd3 Bd6 ({RR} 6... Nbd7 7. O-O Be7 8. Ne5 O-O 9. a3 Nxe5 10. Bxe5 Bd6 11. Bxf5 exf5 12. Qf3 g6 13. Bxf6 Qxf6 14. g3 h5 15. b4 Kg7 16. h4 f4 17. gxf4 Qxh4 18. Kg2 Qg4+ 19. Qxg4 hxg4 20. b5 Rh8 21. bxc6 {½-½ Tolnai,T (2514)-Estrada Nieto,J (2368) Hotel Irottko GM 2000 (9)}) 7. Ne5 Qc7 ({RR} 7... O-O 8. O-O Qe7 9. a3 Nbd7 10. Nxd7 Nxd7 11. Bxd6 Qxd6 12. Bxf5 exf5 13. Qf3 g6 14. Ne2 Nf6 15. Rac1 Ne4 16. Rfd1 Ng5 17. Qf4 Qxf4 18. Nxf4 Ne6 19. Nd3 Rfe8 20. c4 dxc4 21. Rxc4 Rad8 22. g3 {1-0 Zienkiewicz,J (2302)-Cruz Gomez,M (1915) Titled Tue 6th Aug Late 2024 (1)}) 8. Bxf5 $146 ({RR} 8. O-O Nbd7 9. Nxd7 Qxd7 10. Re1 O-O 11. Bxd6 Qxd6 12. e4 dxe4 13. Bxe4 Rad8 14. Bxf5 exf5 15. Ne2 Rfe8 16. c3 Ng4 17. Ng3 Rxe1+ 18. Qxe1 g6 19. Qe2 Nf6 20. Re1 Re8 21. Qd2 Rxe1+ 22. Qxe1 Qe6 {½-½ Pohl,S (1875)-Ruderer,M (1763) Mittelfranken-chT2b 1617 2016 (2.6)}) ({RR} 8. Bg3 Nbd7 9. f4 g6 10. O-O h5 11. Bh4 Kf8 12. Qe2 Kg7 13. e4 dxe4 14. Nxe4 Nxe4 15. Bxe4 Bxe4 16. Qxe4 c5 17. Bf2 Nf6 18. Qf3 cxd4 19. Bxd4 Bc5 20. Bxc5 Qxc5+ 21. Kh1 Qd5 22. Qxd5 Nxd5 {0-1 Amangeldy,E (2134)-Drazic,S (2264) World Blitz 2023 (7.70)}) ({RR} 8. f3 Nbd7 9. Nxd7 Qxd7 10. Bxd6 Qxd6 11. Bxf5 exf5 12. Qd3 g6 13. O-O-O O-O-O 14. e4 fxe4 15. fxe4 dxe4 16. Nxe4 Nxe4 17. Qxe4 Rhe8 18. Qf3 f5 19. c3 Re4 20. Rhe1 Rxe1 21. Rxe1 Qxh2 22. Re7 Rd7 {0-1 Legenia,A (2092)-Nozdrachev,L (2370) Titled Tuesday intern op 19th Oct blitz 2021 (8)}) 8... exf5 9. Nd3 Nbd7 10. Qf3 g6 11. h3 h5 12. O-O-O O-O-O 13. h4 Ne4 14. Nxe4 fxe4 15. Qg3 Bxf4 16. Nxf4 a5 17. f3 Nf6 18. fxe4 Nxe4 19. Qf3 Kb8 20. c4 a4 21. Rd3 dxc4 22. Ra3 Rhe8 23. Rxa4 c3 24. Kc2 cxb2 25. Rb1 Qd7 26. Rxb2 Re7 27. Nd3 Qd6 28. Rb3 f6 29. Rba3 Kc7 30. Ra7 Rb8 31. Rb3 Kd8 32. Qf4 g5 33. hxg5 fxg5 34. Qf8+ Kc7 35. Qf5 Qg3 36. Ne5 Qxg2+ 37. Kd3 Nc5+ 38. dxc5 Qd5+ 39. Ke2 Qxe5 40. Qd3 Qh2+ 41. Kd1 Rf7 42. Kc1 Qe5 43. Qc4 Rf5 44. Rc3 Rd8 45. Qb4 Rb8 46. Kb2 Rf3 47. Qb6+ Kc8 48. Qb3 Rxe3 49. Qg8+ Kc7 50. Qh7+ Qe7 51. Qxh5 Re8 52. Raa3 Re2+ 53. Kc1 Rf8 54. Qh3 Re1+ 55. Kc2 Rf2+ 56. Kb3 Rb1+ 57. Kc4 Qe4# 0-1

[Event "45th Olympiad 2024"]
[Site "Budapest HUN"]
[Date "2024.09.22"]
[Round "11.61"]
[Board "1"]
[White "De Mey, Juan Pablo"]
[Black "KIGIGHA, Bomo Lovet"]
[Result "1/2-1/2"]
[WhiteElo "1992"]
[BlackElo "2217"]
[PlyCount "125"]
[EventDate "2024.09.11"]
[WhiteTeam "Aruba"]
[BlackTeam "Nigeria"]
[WhiteTeamCountry "ARN"]
[BlackTeamCountry "NGR"]

1. e4 d5 2. exd5 Qxd5 3. Nc3 Qa5 4. d4 Nf6 5. Bc4 Bg4 6. f3 Bd7 7. Nge2 c5 ({RR} 7... e6 8. O-O Be7 9. Bd2 Qb6 10. Rb1 O-O 11. Be3 Nc6 12. Bf2 Na5 13. Bd3 c5 14. Kh1 cxd4 15. Bxd4 Qc7 16. Bg1 Rfd8 17. Qe1 Nc4 18. b3 Ne5 19. Qg3 Bd6 20. f4 Nxd3 21. cxd3 Qa5 22. Bd4 {1-0 Sarana,A (2656)-Rapport,R (2763) Speed Chess Chess.com INT blitz 2021 (1.33)}) 8. dxc5 ({RR} 8. Bd2 cxd4 9. Nd5 Qc5 10. Nxf6+ gxf6 11. Bb3 Rg8 12. Ng3 Bb5 13. Ne4 Qe5 14. Kf2 e6 15. c3 f5 16. Ng3 dxc3 17. Re1 Bc5+ 18. Be3 f4 {0-1 Karttunen,M (2479)-Baches Garcia,G (2322) Titled Tue 16th Jul Late 2024 (4)}) 8... Qxc5 9. Qd4 e6 $146 ({RR} 9... Qa5 10. b4 Qd8 11. b5 e6 12. Bg5 Be7 13. O-O O-O 14. Rfd1 Qc7 15. Ne4 e5 16. Qc3 Rc8 17. Nd2 Bxb5 18. Bxf6 gxf6 19. Bxb5 Qb6+ 20. Kf1 Rxc3 21. Nxc3 Qa5 22. Ndb1 Nc6 23. a4 Nd4 24. Nd5 {0-1 Langschmidt,D-Galje,H (2205) Dortmund op-A 1993 (4)}) ({RR} 9... Qxd4 10. Nxd4 a6 11. Bg5 e6 12. O-O-O Nc6 13. Nb3 Ne5 14. Be2 Be7 15. Rhe1 h6 16. Be3 Rc8 17. f4 Nc6 18. a3 O-O 19. g4 Be8 20. h4 Nd7 21. g5 hxg5 22. hxg5 f5 23. Rh1 e5 24. Bc4+ {1-0 Filippas Ntekouan,S (2332)-Zygouris,H (2199) GRE-chT 41st 2013 (7.3)}) 10. Be3 Qxd4 11. Bxd4 a6 12. Bb3 Bc6 13. O-O-O Nbd7 14. Be3 Bb4 15. a3 Ba5 16. Kb1 Rc8 17. Rhe1 O-O 18. Bd2 Bb6 19. Nc1 Rfd8 20. Nd3 Nc5 21. Nxc5 Bxc5 22. Bg5 Bd6 23. Rxe6 Bxh2 24. Bxf6 Rxd1+ 25. Nxd1 gxf6 26. Rxf6 Rc7 27. Ne3 Kg7 28. Rf5 Kg6 29. g4 Re7 30. Nd5 Rd7 31. c4 Bxd5 32. cxd5 h6 33. Bc2 Kg7 34. Rh5 Bf4 35. Rf5 Bg3 36. f4 Re7 37. Bd3 Rc7 38. a4 Rc8 39. Ka2 Rc7 40. Kb3 Rc8 41. Bc4 Rc7 42. Bd3 Rc8 43. Bc4 Rc7 44. a5 Rd7 45. Ka4 f6 46. b4 Re7 47. b5 Re4 48. bxa6 bxa6 49. Kb3 Bxf4 50. Bd3 Rd4 51. Bxa6 Bc7 52. Bc4 Bxa5 53. d6 Bd8 54. Kc3 Rxg4 55. Kd3 Kg6 56. Rc5 f5 57. Rc8 Bb6 58. Rg8+ Kh5 59. Rxg4 Kxg4 60. Be6 h5 61. Ke2 h4 62. Bxf5+ Kxf5 63. Kf3 1/2-1/2

[Event "45th Olympiad 2024"]
[Site "Budapest HUN"]
[Date "2024.09.22"]
[Round "11.61"]
[Board "2"]
[White "OSUNFUYI, Abimbola"]
[Black "Stetsenko, Ilya"]
[Result "1-0"]
[WhiteElo "2164"]
[BlackElo "1903"]
[PlyCount "52"]
[EventDate "2024.09.11"]
[WhiteTeam "Nigeria"]
[BlackTeam "Aruba"]
[WhiteTeamCountry "NGR"]
[BlackTeamCountry "ARN"]

1. Nf3 Nf6 2. c4 b6 3. g3 Bb7 4. Bg2 c5 5. O-O g6 6. Re1 Bg7 7. Nc3 d5 8. d4 Nbd7 9. cxd5 Nxd5 10. e4 Nxc3 11. bxc3 O-O 12. Bb2 $146 ({RR} 12. e5 e6 13. h4 Qc7 14. h5 Rac8 15. Be3 cxd4 16. cxd4 Qc2 17. Qxc2 Rxc2 18. h6 Bh8 19. Rec1 Rxc1+ 20. Rxc1 Rc8 21. Rxc8+ Bxc8 22. Nd2 Ba6 23. f4 f6 24. Kf2 Kf7 25. Ne4 g5 26. Nd6+ Ke7 {1-0 Kuzubov,Y (2640)-Swayams,M (2477) Al Ain op 4th 2015 (4)}) 12... Qc7 13. Qb3 Rac8 14. Rac1 Qb8 15. Rcd1 Qa8 16. Nd2 Kh8 17. d5 c4 18. Nxc4 Nc5 19. Qc2 Ba6 20. Ne3 Bb5 21. c4 Ba4 22. Bxg7+ Kxg7 23. Qc3+ Kg8 24. Rd2 b5 25. d6 exd6 26. Ng4 Nd7 1-0

[Event "45th Olympiad 2024"]
[Site "Budapest HUN"]
[Date "2024.09.22"]
[Round "11.61"]
[Board "3"]
[White "Pesqueira, Jose"]
[Black "Ofowino, Toritsemuwa"]
[Result "0-1"]
[WhiteElo "1880"]
[BlackElo "2020"]
[PlyCount "110"]
[EventDate "2024.09.11"]
[WhiteTeam "Aruba"]
[BlackTeam "Nigeria"]
[WhiteTeamCountry "ARN"]
[BlackTeamCountry "NGR"]

1. Nf3 d5 2. d4 Nf6 3. c4 c6 4. e3 a6 5. cxd5 cxd5 6. Nc3 Nc6 7. Bd3 Bg4 8. h3 Bh5 9. O-O e6 10. a3 Bd6 11. b4 O-O 12. Bb2 b5 ({RR} 12... Rc8 13. Rc1 Bb8 14. Be2 Qd6 15. g3 Rfd8 16. Kg2 Ne4 17. Nxe4 dxe4 18. Nd2 Bg6 19. Nc4 Qe7 20. Qb3 h5 21. h4 Bc7 22. Rfd1 Rd5 23. Ne5 Bxe5 24. dxe5 Rcd8 25. Bc4 Rd3 26. Bxd3 exd3 27. f3 {1-0 Kostov,D (2358)-Jodar Arias,M (2190) Titled Tue 28th May Early 2024 (7)}) 13. Rc1 Rc8 14. Re1 Qb6 $146 ({RR} 14... Re8 15. Be2 Qe7 16. Nd2 Bxe2 17. Rxe2 Nd7 18. Nb3 Nb6 19. e4 dxe4 20. Nxe4 Bf4 21. Rc5 Na4 22. Rcc2 Nxb2 23. Rxb2 Red8 24. Rbc2 e5 25. Nec5 Qf6 26. Nb7 Nxd4 27. Nxd4 exd4 28. Nxd8 Rxd8 29. Qd3 {1-0 Vasilenko,A (2107)-Bogdanovskiy,M (1967) Petropavlovsk Kamchatsky-ch 2010 (8)}) 15. Be2 Rc7 16. Ne5 Bxe2 17. Qxe2 Rfc8 18. Nxc6 Rxc6 19. Na2 Rxc1 20. Rxc1 Rxc1+ 21. Nxc1 Qc6 22. Nd3 Ne8 23. Nc5 Bf8 24. e4 Nd6 25. exd5 exd5 26. Qg4 Nc4 27. Bc1 Bxc5 28. dxc5 Qe6 29. Qxe6 fxe6 30. f3 Kf7 31. Kf2 Kf6 32. Ke2 Ke5 33. Kd3 Kf6 34. f4 e5 35. fxe5+ Kxe5 36. c6 Kd6 37. c7 Kxc7 38. Kd4 Kc6 39. g4 Kd6 40. Bf4+ Kc6 41. Bc1 g6 42. h4 h5 43. gxh5 gxh5 44. Kc3 Kd6 45. Kd4 Ke6 46. Kc5 Ke5 47. Kc6 d4 48. Kb7 Kd5 49. Kxa6 Kc6 50. a4 bxa4 51. b5+ Kd5 52. b6 Nxb6 53. Kxb6 d3 54. Kb5 a3 55. Kb4 a2 0-1

[Event "45th Olympiad 2024"]
[Site "Budapest HUN"]
[Date "2024.09.22"]
[Round "11.61"]
[Board "4"]
[White "Quickpen, Deborah Ebimobo-Ere"]
[Black "Antonio, Kyell-Jean"]
[Result "1-0"]
[WhiteElo "1918"]
[BlackElo "1763"]
[PlyCount "133"]
[EventDate "2024.09.11"]
[WhiteTeam "Nigeria"]
[BlackTeam "Aruba"]
[WhiteTeamCountry "NGR"]
[BlackTeamCountry "ARN"]

1. e4 e5 2. Nf3 Nc6 3. Bc4 Bc5 4. c3 Nf6 5. d3 a6 6. Nbd2 d6 7. b4 Ba7 8. a4 O-O 9. O-O h6 ({RR} 9... Ne7 10. Re1 Ng6 11. Nf1 c6 12. Bb3 d5 13. h3 dxe4 14. dxe4 Qxd1 15. Bxd1 Be6 16. Bc2 Rfd8 17. Be3 h6 18. Red1 Rxd1 19. Rxd1 a5 20. Bxa7 Rxa7 21. Ne3 b5 22. axb5 cxb5 23. bxa5 Rxa5 24. Rb1 {½-½ Mitusov,S (2478)-Zajic,M (2453) RUDAR VIII GM RR 2024 (9.3)}) 10. h3 Be6 11. Bxe6 fxe6 12. Nc4 $146 ({RR} 12. Re1 Nh5 13. Nf1 Qf6 14. Ra2 Nf4 15. Bxf4 Qxf4 16. N1h2 Ne7 17. Kh1 Qf6 18. g3 Rf7 19. Kg2 Raf8 20. Rf1 g5 21. Rb2 Qg6 22. a5 Nc6 23. Qb3 Rf6 24. Ng1 h5 25. Qd1 Nd8 26. Ngf3 Nf7 {½-½ Salgado Lopez,I (2597)-Lazavik,D (2428) Moscow Aeroflot op-A 2020 (2)}) 12... Ne7 13. Be3 Ng6 14. Bxa7 Rxa7 15. g3 Nh7 16. Qe2 Ng5 17. Nxg5 Qxg5 18. Qe3 Qxe3 19. fxe3 b6 20. Rxf8+ Kxf8 21. Rf1+ Kg8 22. d4 exd4 23. exd4 Ne7 24. Ne3 Ra8 25. c4 Rf8 26. d5 exd5 27. cxd5 Rxf1+ 28. Kxf1 Kf7 29. Ke2 c6 30. Kd3 cxd5 31. exd5 Kf6 32. Ke4 b5 33. axb5 axb5 34. Nc2 Nc8 35. Nd4 Na7 36. h4 h5 37. Kf4 g6 38. Ne2 Nc8 39. Nc3 Ne7 40. Ke4 Nf5 41. Kf4 Ne7 42. Ke4 Nf5 43. Ne2 g5 44. hxg5+ Kxg5 45. Kf3 Ne7 46. Nc3 Kf5 47. Nxb5 Nxd5 48. Nd4+ Kg5 49. b5 Nb6 50. Ne6+ Kf6 51. Nf4 Kg5 52. Ke4 h4 53. gxh4+ Kxh4 54. Nd5 Nc8 55. Kf5 Kh5 56. Ke6 Na7 57. b6 Nc6 58. Kxd6 Na5 59. Kc5 Kg6 60. Ne3 Kf7 61. Nc4 Nb7+ 62. Kc6 Nd8+ 63. Kd7 Ne6 64. Nd6+ Kf6 65. Ne4+ Ke5 66. b7 Nf8+ 67. Ke8 1-0

[Event "45th Olympiad 2024"]
[Site "Budapest HUN"]
[Date "2024.09.22"]
[Round "11.62"]
[Board "1"]
[White "Cabralis, Quinn"]
[Black "Muhammed, Shuaau"]
[Result "1/2-1/2"]
[WhiteElo "2169"]
[BlackElo "2052"]
[PlyCount "185"]
[EventDate "2024.09.11"]
[WhiteTeam "Trinidad & Tobago"]
[BlackTeam "Maldives"]
[BlackTeamCountry "MDV"]

1. e4 e5 2. Nf3 Nc6 3. Bb5 a6 4. Ba4 Nf6 5. O-O Be7 6. Re1 b5 7. Bb3 d6 8. c3 O-O 9. h3 Nb8 10. d4 Nbd7 11. c4 c6 12. Qc2 Bb7 13. a3 bxc4 14. Bxc4 exd4 15. Nxd4 d5 16. exd5 cxd5 17. Ba2 $146 ({RR} 17. Bf1 Rc8 18. Nc3 Ne4 19. Qd1 Nxc3 20. bxc3 Bf6 21. Bf4 Nc5 22. Rb1 Ba8 23. Qg4 g6 24. Bh6 Bg7 25. Bxg7 Kxg7 26. Nf5+ Kh8 27. Ne7 Rc7 28. Rbd1 Rxe7 29. Qd4+ Kg8 30. Qxc5 Rc7 31. Qb4 Qf6 {½-½ Milliet,S (2382)-Vlachos,A (2433) Paris Barreau 3rd 2022 (2)}) ({RR} 17. Bf1 Rc8 18. Qd1 Bc5 19. Be3 Ne4 20. Nc3 Nxc3 21. bxc3 Bd6 22. Rb1 Rc7 23. Nf5 Be5 24. Bd4 Qf6 25. Qg4 Bc8 26. Rb6 Nxb6 27. Rxe5 h5 28. Qg3 h4 29. Nxh4 Qd6 30. Rg5 Qxg3 31. Rxg3 f6 {1-0 Santos Latasa,J (2633)-Visakh,N (2515) Castelldefels Llobregat op 2nd 2021 (6)}) ({RR} 17. Bf1 Ne4 18. Nc3 Rc8 19. Qd1 Bf6 20. Nxe4 dxe4 21. Nf5 Nc5 22. Nd6 Rc7 23. Bf4 Ba8 24. Qg4 Bxb2 25. Rab1 Bf6 26. Bc4 Nd3 27. Bxd3 exd3 28. Re8 Rxe8 29. Nxe8 Qxe8 30. Bxc7 h5 31. Qd1 Qe2 {1-0 Albornoz Cabrera,C (2582)-Perez Gormaz,M (2387) XI Copa Camara Masters 2023 (7.4)}) 17... Rc8 18. Nc3 Ne4 19. Be3 Nxc3 20. bxc3 Bf6 21. Rad1 Qa5 22. Bb1 g6 23. Bh6 Rfe8 24. Rxe8+ Rxe8 25. Qb3 Nc5 26. Qb4 Qxb4 27. cxb4 Ne4 28. Bxe4 dxe4 29. Nb3 Bc6 30. Rd6 Re6 31. Rxe6 fxe6 32. Bc1 Be7 33. Kf1 Kf7 34. Bb2 Bd5 35. Nd2 Bg5 36. Nb1 e3 37. Nc3 Bc4+ 38. Ke1 exf2+ 39. Kxf2 Bd3 40. Kf3 Bf6 41. Nd1 e5 42. Ke3 Bc4 43. Nf2 Bg5+ 44. Kf3 Ke6 45. Ng4 e4+ 46. Kf2 h5 47. Ne3 Bd3 48. Bd4 Bf4 49. g3 Be5 50. Bc5 Bb5 51. h4 Bb2 52. Nc2 Bd3 53. Bd4 Bc1 54. Be3 Bb2 55. Bd4 Bc1 56. Be3 Bxe3+ 57. Nxe3 Ke5 58. a4 Kd4 59. Ng2 Kc3 60. b5 axb5 61. axb5 Bxb5 62. Ke3 Bd7 63. Nf4 Bf5 64. Ng2 Kc4 65. Nf4 Kc5 66. Ng2 Kd5 67. Nf4+ Ke5 68. Ng2 Be6 69. Nf4 Bf7 70. Ng2 Kf5 71. Kf2 Be6 72. Nf4 Bb3 73. Ng2 Bf7 74. Nf4 g5 75. Ng2 gxh4 76. Nxh4+ Kg4 77. Ng2 Be8 78. Ne3+ Kg5 79. Ng2 Kf5 80. Ne3+ Ke5 81. Nc4+ Kd4 82. Ne3 Bd7 83. Nc2+ Kd3 84. Nb4+ Kc4 85. Nc2 Kc3 86. Ne3 Kd3 87. Nd5 Bg4 88. Ne3 Kd4 89. Ng2 Ke5 90. Ne3 Bf3 91. Nc4+ Kf5 92. Ne3+ Kg5 93. Nc4 1/2-1/2

[Event "45th Olympiad 2024"]
[Site "Budapest HUN"]
[Date "2024.09.22"]
[Round "11.62"]
[Board "2"]
[White "Mohamed, Hassan MDV"]
[Black "Cupid, Kevin"]
[Result "0-1"]
[WhiteElo "1880"]
[BlackElo "2201"]
[PlyCount "96"]
[EventDate "2024.09.11"]
[WhiteTeam "Maldives"]
[BlackTeam "Trinidad & Tobago"]
[WhiteTeamCountry "MDV"]

1. Nf3 Nf6 2. g3 d5 3. Bg2 Bg4 4. Ne5 Bf5 5. c4 c6 6. b3 ({RR} 6. Qb3 Qc7 7. d4 e6 8. Nc3 Nbd7 9. Nxd7 Qxd7 10. O-O Be7 11. Bf4 O-O 12. a4 a5 13. c5 h6 14. Rad1 Rfe8 15. f3 Qc8 16. e4 Bg6 17. Rfe1 Bd8 18. Bh3 Bc7 19. Bd6 Qb8 20. Bf1 Bxd6 {0-1 Shimanov,A (2658)-Simonian,T (2421) Moscow op-A 2014 (2)}) 6... Nbd7 7. Nxd7 $146 ({RR} 7. Bb2 Nxe5 8. Bxe5 e6 9. O-O Bd6 10. Bb2 O-O 11. d3 a5 12. Nd2 Bg6 13. e4 dxe4 14. dxe4 Bb4 15. e5 Nd7 16. Ne4 Nc5 17. Nd6 Nd3 18. Qe2 Bxd6 19. exd6 Nxb2 20. Qxb2 Qxd6 21. Rad1 Qe7 {0-1 Flores,N (1974)-Yang Kaiqi (2481) Titled Tue 27th Aug Late 2024 (1)}) 7... Qxd7 8. h3 dxc4 9. bxc4 Qd4 10. Nc3 Qxc4 11. O-O e5 12. Bb2 Bd6 13. Rc1 Qb4 14. Ba1 Qa3 15. d3 O-O 16. Qc2 Be6 17. Bb2 Qa5 18. a4 Rac8 19. Ra1 h6 20. Rfb1 Qc7 21. Bc1 b6 22. Bd2 Nd7 23. Qc1 Kh7 24. Kh2 f5 25. f3 Nc5 26. Qc2 e4 27. f4 exd3 28. exd3 Qf7 29. Re1 Nb3 30. Rad1 Nxd2 31. Qxd2 Bb4 32. Qb2 Bxc3 33. Qxc3 Bb3 34. Ra1 Bd5 35. Re5 Rfd8 36. Rae1 Rc7 37. h4 Bxg2 38. Kxg2 c5 39. Re6 Qd7 40. Re7 Qxe7 41. Rxe7 Rxe7 42. h5 Rd5 43. a5 Red7 44. axb6 axb6 45. Qc4 R7d6 46. Kf2 Rxd3 47. g4 R3d4 48. Qf7 Rf6 0-1

[Event "45th Olympiad 2024"]
[Site "Budapest HUN"]
[Date "2024.09.22"]
[Round "11.62"]
[Board "3"]
[White "Harper, Ryan"]
[Black "Hussain, Nimal"]
[Result "1-0"]
[WhiteElo "2124"]
[BlackElo "1805"]
[PlyCount "87"]
[EventDate "2024.09.11"]
[WhiteTeam "Trinidad & Tobago"]
[BlackTeam "Maldives"]
[BlackTeamCountry "MDV"]

1. e4 e5 2. Nf3 Nf6 3. Nxe5 d6 4. Nf3 Nxe4 5. Nc3 Bf5 6. Qe2 Qe7 7. Nd5 Qd7 8. d3 c6 9. dxe4 Bg6 10. Nc3 Be7 11. Bg5 $146 ({RR} 11. Bf4 O-O 12. O-O-O Rd8 13. Qe3 h6 14. Bc4 Re8 15. h4 Kh8 16. h5 Bh7 17. g4 f6 18. Nh4 a6 19. Ng6+ Bxg6 20. hxg6 Qxg4 21. Bxh6 d5 22. Bxd5 Bc5 23. Bf4+ {1-0 Becker,L-Markowski,A USA op (Women) 1993}) 11... f6 12. Bf4 O-O 13. O-O-O b5 14. Qd3 Qg4 15. Bg3 Rd8 16. h3 Qc8 17. Nh4 Na6 18. Nxg6 hxg6 19. e5 dxe5 20. Qxg6 Qe6 21. Bd3 Nc5 22. Qh7+ Kf8 23. Bf5 Qf7 24. Kb1 a5 25. f4 exf4 26. Bxf4 a4 27. Bg6 Qg8 28. Qxg8+ Kxg8 29. Rde1 Kf8 30. a3 Nd7 31. Re6 Rac8 32. Rhe1 Bc5 33. Bc7 Ne5 34. Bxe5 fxe5 35. Ne4 Bb6 36. Rf1+ Kg8 37. Bf7+ Kh8 38. Rf5 Be3 39. Rfxe5 Rc7 40. Bg6 Rcc8 41. Nd6 Bf4 42. Nf7+ Kg8 43. Nxd8 Bxe5 44. Re8# 1-0

[Event "45th Olympiad 2024"]
[Site "Budapest HUN"]
[Date "2024.09.22"]
[Round "11.62"]
[Board "4"]
[White "Abdul Rahman, Ali"]
[Black "Mc Intosh, Isaiah"]
[Result "0-1"]
[WhiteElo "1844"]
[BlackElo "2249"]
[PlyCount "110"]
[EventDate "2024.09.11"]
[WhiteTeam "Maldives"]
[BlackTeam "Trinidad & Tobago"]
[WhiteTeamCountry "MDV"]

1. d4 d5 2. e3 Nf6 3. Bd3 c5 4. c3 Nc6 5. f4 Bg4 6. Nf3 e6 7. O-O Bd6 8. Qe1 Bf5 9. Qe2 ({RR} 9. Be2 Qb6 10. Kh1 h6 11. a4 c4 12. Ne5 Na5 13. Nd2 Ne4 14. Nef3 O-O-O 15. Nxe4 Bxe4 16. Nd2 Bc2 17. Bd1 Bd3 18. Be2 Bxe2 19. Qxe2 f5 20. Qd1 Kb8 21. Qc2 g5 22. Nf3 Nb3 23. Ra2 g4 {0-1 Sotsky,A (2348)-Kamsky,G (2648) EU-Cup 32nd Novi Sad 2016 (4.2)}) 9... O-O 10. Ne5 Rc8 $146 ({RR} 10... Qb6 11. Kh1 Rac8 12. Nd2 Rfe8 13. Ndf3 Bxd3 14. Qxd3 Ne4 15. Nd2 Nxd2 16. Qxd2 Ne7 17. Qf2 f6 18. Nf3 Qc7 19. g3 Nc6 20. Bd2 Qb6 21. b3 Qa6 22. Rfe1 Qd3 23. Re2 e5 24. Rae1 Qe4 25. Kg1 {0-1 Mezei,C (2076)-Zentai,P (2236) Budapest Karacsonyi op 6th 2014 (3)}) ({RR} 10... Bxd3 11. Nxd3 cxd4 12. exd4 Ne4 13. Nd2 f5 14. Nf3 b5 15. Bd2 Qb6 16. b4 a5 17. a3 Rf7 18. Nc5 Nd8 19. Ng5 Rfa7 20. Qh5 g6 21. Qe2 axb4 22. cxb4 Rxa3 23. Rxa3 Rxa3 24. Ngxe4 dxe4 25. Rc1 {½-½ Norowitz,Y (2402)-Prohaszka,P (2578) Titled Tue 13th Feb Early 2024 (6)}) ({RR} 10... Bxd3 11. Qxd3 Ne4 12. Nd2 f5 13. Ndf3 Bxe5 14. Nxe5 Nxe5 15. dxe5 c4 16. Qd4 Qa5 17. Bd2 Qc5 18. Rfd1 Rfc8 19. Be1 Rc6 20. Rdc1 Rac8 21. Rc2 Ra6 22. Rcc1 Qb6 23. Qxb6 Rxb6 24. Rab1 Rbc6 25. Kf1 {0-1 Ewald,P-Melzer,O (2223) Verbandsliga Nord Baden 0809 2008 (1.2)}) 11. Nd2 c4 12. Bb1 Bxb1 13. Rxb1 b5 14. e4 dxe4 15. Nxe4 Nd5 16. a3 Nce7 17. Bd2 Bb8 18. Rbd1 f6 19. Nf3 Bxf4 20. Nc5 Bxd2 21. Nxd2 Qd6 22. Nxe6 Rfe8 23. Rde1 Ng6 24. Qg4 Qd7 25. h3 Re7 26. Nc5 Qxg4 27. hxg4 Ne3 28. Rf3 Rce8 29. Nb7 Nh4 30. Rg3 Nexg2 31. Rxe7 Rxe7 32. Nd6 a6 33. N6e4 Nf4 34. Re3 Kf8 35. Kf1 h5 36. Rg3 Nd3 37. Rh3 g5 38. Kg1 hxg4 39. Rg3 f5 40. Nxg5 Nf4 41. Kf1 Ne2 42. Kf2 Nxg3 43. Kxg3 Re2 44. Nf1 Ng6 45. d5 Ke7 46. Ne6 Kf6 47. Nd4 Re5 48. d6 Rd5 49. Ne3 f4+ 50. Kxg4 fxe3 51. Kf3 Ne5+ 52. Kxe3 Rxd6 53. Ke4 Nd3 54. b3 Nc5+ 55. Ke3 Nxb3 0-1

[Event "45th Olympiad 2024"]
[Site "Budapest HUN"]
[Date "2024.09.22"]
[Round "11.63"]
[Board "1"]
[White "Giasi, Viresh"]
[Black "Ahmad, Al Khatib"]
[Result "1/2-1/2"]
[WhiteElo "1998"]
[BlackElo "2302"]
[PlyCount "104"]
[EventDate "2024.09.11"]
[WhiteTeam "Suriname"]
[BlackTeam "Jordan"]
[WhiteTeamCountry "SUR"]
[BlackTeamCountry "JOR"]

1. d4 Nf6 2. Nf3 e6 3. e3 b6 4. Bd3 Bb7 5. b3 g6 6. Bb2 Bg7 7. Nbd2 ({RR} 7. O-O O-O 8. Nbd2 c5 9. c4 cxd4 10. exd4 d5 11. Ne5 Nc6 12. Ndf3 dxc4 13. Bxc4 Nd5 14. Nxc6 Bxc6 15. Ne5 Bb7 16. Rc1 Nf4 17. f3 Qg5 18. Rc2 Rfd8 19. Qe1 Rac8 20. a4 Nd5 21. Bc1 Qe7 {½-½ Abdusattorov,N (2627)-Iturrizaga Bonelli,E (2607) Chess24 Banter Blitz Cup Qual-F 2020 (1.5)}) 7... c5 8. Qe2 $146 ({RR} 8. O-O O-O 9. e4 cxd4 10. Nxd4 Nc6 11. Nxc6 Bxc6 12. e5 Nd5 13. f4 Ne3 14. Qe2 Nxf1 15. Rxf1 d6 16. Ne4 dxe5 17. fxe5 Bxe4 18. Bxe4 Rc8 19. Rd1 Qc7 20. c4 Bxe5 21. Bxe5 Qxe5 22. Qf3 Rcd8 {0-1 Mirza,D (1981)-Buchenau,F (2176) Titled Tue 7th May Early 2024 (9)}) ({RR} 8. O-O O-O 9. c4 d6 10. Qe2 Nbd7 11. Rfd1 Qe7 12. a4 e5 13. dxe5 dxe5 14. e4 Nh5 15. g3 Nb8 16. Nf1 Nc6 17. Ne3 Nd4 18. Nxd4 exd4 19. Nd5 Qd7 20. Rac1 Rae8 21. f4 Nf6 22. Qg2 Ng4 {1-0 Kamenskaya,M (1819)-Arabidze,M (2457) Swiss Queens Wed #23 2024 (5.181)}) 8... O-O 9. O-O cxd4 10. exd4 Nc6 11. a3 Rc8 12. Rfd1 Re8 13. Ne4 Nxe4 14. Bxe4 Qc7 15. Bxc6 Qxc6 16. Rac1 Qe4 17. Qxe4 Bxe4 18. c4 Bxf3 19. gxf3 d5 20. Kf1 Bf6 21. f4 Kf8 22. Ke2 Ke7 23. Kd3 Kd7 24. Bc3 g5 25. Bd2 gxf4 26. Bxf4 Be7 27. Rg1 dxc4+ 28. bxc4 Rg8 29. a4 Rg6 30. a5 bxa5 31. c5 Kc6 32. Kc4 Rcg8 33. Rg3 Bf6 34. Ra1 Bd8 35. Raa3 Rg4 36. Bd6 Bf6 37. Rgd3 Bd8 38. Rf3 f5 39. Be5 Rg1 40. Rh3 Rc1+ 41. Rac3 Rb1 42. Rxh7 Rg2 43. Rc2 Rb4+ 44. Kc3 Rg1 45. Rxa7 Rd1 46. Ra6+ Kb5 47. Ra8 Rc4+ 48. Kb2 Rb4+ 49. Kc3 Rc4+ 50. Kb2 Rb4+ 51. Kc3 Rc4+ 52. Kb2 Rb4+ 1/2-1/2

[Event "45th Olympiad 2024"]
[Site "Budapest HUN"]
[Date "2024.09.22"]
[Round "11.63"]
[Board "2"]
[White "Loay, Sameer"]
[Black "Yeung, Jason"]
[Result "1/2-1/2"]
[WhiteElo "2194"]
[BlackElo "1993"]
[PlyCount "95"]
[EventDate "2024.09.11"]
[WhiteTeam "Jordan"]
[BlackTeam "Suriname"]
[WhiteTeamCountry "JOR"]
[BlackTeamCountry "SUR"]

1. Nf3 Nf6 2. g3 g6 3. Bg2 Bg7 4. O-O O-O 5. d3 d5 6. c3 c5 7. Qa4 Nc6 8. Qh4 h5 ({RR} 8... e5 9. Bg5 Qd6 10. Nbd2 Nh5 11. e4 h6 12. exd5 hxg5 13. Nxg5 Ne7 14. g4 Bxg4 15. Qxg4 Nxd5 16. Nc4 Qd8 17. Ne6 fxe6 18. Qxe6+ Kh7 19. Qxd5 Qg5 20. Kh1 Rad8 21. Qxb7 Rxd3 22. Rae1 Nf4 23. Nxe5 {½-½ Matikozian,A (2512)-Khachiyan,M (2556) Westwood Spring op rapid 2008 (3)}) ({RR} 8... Re8 9. Bg5 Qd6 10. e4 h5 11. Nbd2 Be6 12. Rfe1 Ng4 13. h3 Nge5 14. Nxe5 Bxe5 15. exd5 Bxd5 16. Nc4 Bxc4 17. dxc4 Bg7 18. Rad1 Qc7 19. Qe4 e6 20. Rd3 Qa5 21. Rd7 Qxa2 22. Rxb7 Na5 23. Rc7 {1-0 Chan,K (2271)-Bauml,B (2071) Titled Tue 6th Feb Late 2024 (2)}) ({RR} 8... Re8 9. e4 d4 10. c4 a6 11. e5 Nd7 12. e6 fxe6 13. Ng5 Nf6 14. Re1 e5 15. Bd5+ e6 16. Bxc6 bxc6 17. Rxe5 h6 18. Nf3 g5 19. Nxg5 hxg5 20. Bxg5 Rf8 21. Nd2 Qe8 22. Bxf6 Bxf6 23. Qg4+ {1-0 Loay,S (2210)-Mazzilli,P (2304) Titled Tue 14th May Early 2024 (2)}) 9. Na3 Nh7 $146 ({RR} 9... a6 10. Re1 e5 11. Bg5 Qd6 12. e4 dxe4 13. dxe4 Nh7 14. Nc4 Qc7 15. Ne3 f6 16. Nd5 Qf7 17. Be3 g5 18. Bxg5 fxg5 19. Nxg5 Qg6 20. f4 Nxg5 21. fxg5 Rf7 22. Rf1 Be6 23. Rxf7 Bxf7 24. Rf1 {1-0 Bryant,J (2400)-Zhang,E (1985) Los Angeles op 2010 (4)}) 10. h3 e5 11. Qxd8 Rxd8 12. e4 d4 13. cxd4 cxd4 14. Nb5 Bd7 15. Bd2 Bf8 16. Rfc1 Rac8 17. a4 f6 18. Kf1 Be6 19. Ke2 a6 20. Na3 Nb4 21. Nh4 Kg7 22. f4 Bb3 23. a5 Na2 24. Rxc8 Rxc8 25. Nc4 Bxc4 26. dxc4 Nb4 27. Bxb4 Bxb4 28. Kd3 Nf8 29. Kc2 Bd6 30. Bf1 exf4 31. gxf4 Bxf4 32. b4 Ne6 33. c5 Be5 34. Ra3 Ng5 35. Bc4 Nxe4 36. Bd5 Nxc5 37. Kd1 Rd8 38. Bg2 Ne6 39. Bxb7 Nc7 40. Be4 f5 41. Bd3 Bd6 42. Rb3 Nd5 43. Bxa6 Bxb4 44. Rg3 Ne3+ 45. Ke2 Rd6 46. Bd3 Re6 47. Kf3 Bxa5 48. Bxf5 1/2-1/2